000 00382nam a2200157 i 4500
001 129355
003 ES-MaACL
005 20230906193502.0
007 t|
008 070612s1969 sp ||||1| spa d
080 _a8-344"19"
245 0 0 _aTerror extra.
260 _aBarcelona :
_bRumeu,
_c[1969]
300 _a124 p. :
_bil. ;
_c21 cm.
852 _aES-MaACL
_jC-38731
_bR.70472
999 _c129355
_d129355